Will the dual system manage packaging waste?

Saved in:
Bibliographic Details
Main Author: Klepper, Gernot
Other Authors: Michaelis, Peter
Format: Book
Language:English
Published: Kiel Institut für Weltwirtschaft 1992
Series:Kieler Arbeitspapiere no. 503
Subjects:
Tags: Add Tag
No Tags, Be the first to tag this record!

MARC

LEADER 00000nam a2200000 4500
001 c100463
005 20221123102035.7
022 |a 0342-0787 
041 0 |a eng 
044 |a DE 
245 1 0 |a Will the dual system manage packaging waste?  |c Gernot Klepper and Peter Michaelis 
264 1 |a Kiel  |b Institut für Weltwirtschaft  |c 1992 
300 |a 40 s. 
490 1 |a Kieler Arbeitspapiere  |v no. 503 
830 0 |a Kieler Arbeitspapiere  |v no. 503 
610 2 0 |a odpad 
610 2 0 |a odpad komunálny 
610 2 0 |a odpad výrobný 
610 2 0 |a balenie 
610 2 0 |a ochrana prostredia životného 
610 2 0 |a technika obalová 
100 1 |a Klepper, Gernot 
700 1 |a Michaelis, Peter